[Event "Millennium-Meisterturnier 2022"]
[Site "Tornelo"]
[Date "2022.03.23"]
[Round "1.1"]
[White "Lohvinov, Petro"]
[Black "Costa, Leonardo"]
[Result "0-1"]
[WhiteElo "2230"]
[BlackElo "2324"]
[Annotator "NA"]
[PlyCount "120"]
[EventDate "2022.03.23"]
[EventType "tourn"]
[EventCountry "NET"]
[SourceTitle "playchess.com"]
[Source "ChessBase"]
[SourceQuality "1"]
[TimeControl "40/5400+30:1800+30"]

1. e4 c6 2. Nf3 d5 3. exd5 cxd5 4. Ne5 Nc6 5. d4 Nf6 6. Bb5 Bd7 7. Nxd7 Qxd7 8. c3 e6 9. O-O Bd6 10. Nd2 O-O 11. Re1 Qc7 12. h3 Rac8 13. Nf3 Bf4 14. Bd3 Bxc1 15. Qxc1 Na5 16. Ne5 Nc4 17. Nxc4 dxc4 18. Be4 Rfd8 19. Bf3 Rb8 20. Re3 b5 21. Qe1 $11 Qb6 22. Qe2 Nd5 23. Bxd5 Rxd5 24. a3 h6 25. Re1 Rbd8 26. Re5 a5 27. Rxd5 Rxd5 28. Rc1 Qc6 29. Qe3 Qd6 30. Qe2 e5 31. a4 bxa4 32. dxe5 Rxe5 33. Qxc4 Qd2 34. Rf1 Qxb2 35. Qxa4 Qxc3 36. g3 Re1 37. Qd7 Rxf1+ 38. Kxf1 g6 39. Qa4 Kg7 40. Ke2 Qb4 41. Qa1+ Kg8 42. Qa2 Qe4+ 43. Kd1 Qd4+ 44. Ke2 a4 45. h4 h5 46. Qa3 Kg7 47. Qa2 Qb4 48. Kd3 Qb3+ 49. Qxb3 axb3 50. Kc3 Kf6 51. Kxb3 Ke5 52. Kc3 Ke4 53. Kd2 Kf3 54. Ke1 f5 55. Kf1 f4 56. gxf4 Kxf4 57. Ke2 Kg4 58. Ke3 Kxh4 59. Kf4 Kh3 60. Kg5 h4 0-1

[Event "Millennium-Meisterturnier 2022"]
[Site "Tornelo"]
[Date "2022.03.23"]
[Round "1.2"]
[White "Goldbeck, Lars"]
[Black "Lerch, Johannes"]
[Result "1-0"]
[WhiteElo "2259"]
[BlackElo "2229"]
[Annotator "NA"]
[PlyCount "71"]
[EventDate "2022.03.23"]
[EventType "tourn"]
[EventCountry "NET"]
[SourceTitle "playchess.com"]
[Source "ChessBase"]
[SourceQuality "1"]
[TimeControl "40/5400+30:1800+30"]

1. d4 Nf6 2. c4 e6 3. Nc3 Bb4 4. a3 Bxc3+ 5. bxc3 c5 6. e3 Nc6 7. Bd3 O-O 8. Ne2 d6 9. O-O b6 10. e4 $1 Nd7 11. Be3 (11. f4 $11) 11... Na5 12. Ng3 Ba6 13. Qe2 Rc8 14. Rac1 Qc7 15. f4 cxd4 16. cxd4 Bxc4 17. Bxc4 Nxc4 18. f5 d5 (18... b5 $1 $11) 19. e5 (19. Nh5 $14 exf5 20. exf5) 19... Qd8 20. f6 Nxe3 21. Qxe3 Rxc1 22. Qxc1 gxf6 23. exf6 (23. Nh5 $11 Kh8 24. Nxf6) 23... Kh8 24. Nh5 {[#]} Rg8 ({Black should play} 24... b5 $1 $17) 25. Qc6 $15 Nb8 26. Qb7 Qd7 27. Qxd7 Nxd7 28. Rc1 h6 29. Rc7 Rd8 30. Rxa7 Kh7 31. g4 Kg6 32. h4 e5 33. Rb7 exd4 34. Nf4+ Kxf6 35. Nxd5+ Ke5 36. Ne7 1-0

[Event "Millennium-Meisterturnier 2022"]
[Site "Tornelo"]
[Date "2022.03.23"]
[Round "1.3"]
[White "Nestorovic, Nikola"]
[Black "Soham Das"]
[Result "1/2-1/2"]
[WhiteElo "2456"]
[BlackElo "2330"]
[Annotator "TA"]
[PlyCount "91"]
[EventDate "2022.03.23"]
[EventType "tourn"]
[EventCountry "NET"]
[SourceTitle "playchess.com"]
[Source "ChessBase"]
[SourceQuality "1"]

{[%evp 21,91,16,36,29,22,19,20,23,33,27,30,0,0,0,0,0,0,0,0,0,0,0,33,0,0,0,0,0,0,0,0,0,0,0,0,0,0,-35,0,0,0,0,93,95,112,96,83,91,91,91,145,152,156,128,252,150,154,96,96,66,66,8,8,8,66,12,40,11,24,8,13,41]} 1. e4 c5 2. Nf3 d6 3. d4 Nf6 4. Nc3 cxd4 5. Nxd4 g6 6. Be3 Bg7 7. Be2 Nc6 8. Qd2 O-O 9. O-O-O Ng4 10. Bxg4 Bxg4 11. f3 Bd7 {11...Be6 is more advanced technology.} 12. Nxc6 {B72: Sicilian Dragon: 6 Be3, lines with h3+Bc4 and sidelines.} bxc6 13. Bh6 Qa5 14. Bxg7 Kxg7 15. h4 {[%cal Oe4e5]} h5 16. Kb1 {[%cal Oe4e5] [#]} Be6 $146 ({Predecessor:} 16... Rab8 17. b3 Qc7 18. Ne2 a5 19. Nf4 Rh8 20. e5 d5 21. Qc3 e6 22. Nxd5 exd5 {1-0 (35) Meyer,F (1824)-Zeldin,V (1904) Ruhrgebiet 2004}) 17. b3 Rab8 18. Rhe1 f6 19. Re3 Rfc8 20. f4 {[%cal Oe4e5]} Bg4 21. Rde1 c5 22. e5 (22. Qd5 $5 {[%cal Rf4f5]}) 22... fxe5 23. fxe5 d5 24. Qxd5 Rd8 25. Qc6 Bd7 26. Qf3 {[#] Threatens to win with e6.} Bf5 {aiming for ...c4.} 27. e6 Rd2 (27... c4 $5 28. Re5 Qb4 29. Rxf5 gxf5 $11) 28. Rc1 c4 {( -> ...cxb3)} 29. Qf4 (29. Qg3 $5 {[%cal Rg3b8]} Qb6 30. Ne4 Rxg2 31. Qe5+ Kg8 32. Ng5 $11) 29... Qb4 30. Qe5+ Kh7 {[%cal Rc4b3]} 31. Nd5 Qb5 (31... Qa3 $1 $11 32. Nf6+ exf6 33. Qc7+ Kh6 34. Qf4+ Kh7 35. Qc7+ Kh6 36. Qf4+ Kh7 37. Qc7+) 32. Nxe7 $16 {White is more active.} cxb3 33. axb3 {Really sharp!} Qxe5 34. Rxe5 Rxb3+ 35. Ka2 Rb8 (35... Rb7 $142 36. Nxf5 gxf5) 36. Nxf5 gxf5 37. Rxf5 {e7 is the strong threat.} Rxg2 (37... Kg6 $16 {is a better defense.} 38. Rg5+ Kf6) 38. Rxh5+ {[%mdl 4096] Endgame KRR-KRR} (38. e7 $18 {And now Rf8 would win.} Kg7 39. Re5 (39. Rxh5 Re2 $16)) 38... Kg6 {[#]} 39. Ra5 (39. Rc5 $142 $1) 39... Kf6 40. Rxa7 {Hoping for e7.} Kxe6 41. Ra4 ({Better is} 41. Ra3 $14) 41... Rh2 $11 42. Ka3 Rh8 ({Black should try} 42... Rh3+ $11 43. c3 Kd5) 43. Re1+ (43. Rd4 $14) 43... Kd6 44. Ra6+ Kc5 45. c3 R2xh4 46. Re5+ {Weighted Error Value: White=0.18 (very precise) /Black=0.16 (very precise)} 1/2-1/2

[Event "Millennium-Meisterturnier 2022"]
[Site "Tornelo"]
[Date "2022.03.23"]
[Round "1.4"]
[White "Huber, Benedikt"]
[Black "Hess, Max"]
[Result "1-0"]
[WhiteElo "2191"]
[BlackElo "2395"]
[Annotator "NA"]
[PlyCount "63"]
[EventDate "2022.03.23"]
[EventType "tourn"]
[EventCountry "NET"]
[SourceTitle "playchess.com"]
[Source "ChessBase"]
[SourceQuality "1"]
[TimeControl "40/5400+30:1800+30"]

1. d4 g6 2. e4 c6 3. Nc3 d5 4. h3 dxe4 5. Nxe4 Bg7 6. Nf3 Nf6 7. Nxf6+ exf6 8. Bc4 O-O 9. O-O a5 10. a4 Na6 11. c3 Nc7 12. Bf4 Nd5 13. Bh2 Be6 14. Nd2 Bh6 15. Bb3 f5 16. Nc4 f4 17. Ne5 Qb6 18. Bxd5 cxd5 19. Nd3 Bf5 20. Nxf4 Bxf4 21. Bxf4 Qxb2 22. Bh6 Rfd8 (22... Rfc8 $11) 23. Qf3 Rac8 $2 {[#]} (23... Qb6 $1 $11) 24. g4 $1 Rxc3 {[#]} 25. Qf4 $18 Rxh3 26. gxf5 Qc3 27. fxg6 hxg6 28. Rac1 Qd3 29. Rc7 Qf3 30. Qxf3 Rxf3 31. Be3 Kg7 32. Rb1 1-0

[Event "Millennium-Meisterturnier 2022"]
[Site "Tornelo"]
[Date "2022.03.23"]
[Round "1.5"]
[White "Prusikin, Michael"]
[Black "Schneider, Jana"]
[Result "1/2-1/2"]
[WhiteElo "2540"]
[BlackElo "2266"]
[Annotator "TA"]
[PlyCount "63"]
[EventDate "2022.03.23"]
[EventType "tourn"]
[EventCountry "NET"]
[SourceTitle "playchess.com"]
[Source "ChessBase"]
[SourceQuality "1"]

{[%evp 19,63,4,14,6,21,20,61,26,61,41,39,34,40,25,31,27,31,33,33,29,15,0,0,0,0,0,0,6,1,0,0,0,0,0,0,0,0,0,0,0,0,0,0,0,0,0]} 1. Nf3 d5 2. g3 Nf6 3. Bg2 e6 4. O-O Be7 5. d3 O-O 6. c4 c5 7. e3 Nc6 8. Nc3 b6 9. b3 Bb7 10. Bb2 Rc8 11. Rc1 {A14: English Opening: 1...e6 with b3 by White.} Qc7 12. cxd5 exd5 (12... Nxd5 $11 13. Nxd5 exd5) 13. d4 {White is slightly better.} Rfd8 {[#]} 14. Nb5 $146 ({Predecessor:} 14. a3 Qd7 15. Ne5 Qe6 16. Ne2 cxd4 17. Nxc6 Rxc6 18. Rxc6 Qxc6 19. Nxd4 Qd7 20. Qb1 {½-½ (41) Valera Rivas,H (1846)-Colina Nunes,A (1983) San Cristobal 2016}) 14... Qb8 15. dxc5 bxc5 16. Bxf6 Bxf6 17. Rxc5 {And now Bh3 would win.} Ba6 $1 {This bishop pair is nice.} 18. a4 {Threatens to win with Bh3.} d4 $1 19. Qc1 Na5 {[%cal Bc6a5,Ba5b3,Bb3c1][%mdl 32]} 20. b4 {The position is equal.} Nb3 21. Rxc8 Nxc1 22. Rxb8 Ne2+ 23. Kh1 {[#] Strongly threatening Rxd8+.} Rxb8 24. exd4 Bxb5 25. axb5 Nxd4 26. Nxd4 Bxd4 $11 {[%mdl 4096] Endgame KRB-KRB} 27. Bc6 Rd8 28. Kg2 f5 29. Rc1 Kf7 30. h4 Bb6 31. Rc2 Rd4 32. Rb2 {Weighted Error Value: White=0.06 (flawless) /Black=0.03 (flawless)} 1/2-1/2

[Event "Millennium-Meisterturnier 2022"]
[Site "Tornelo"]
[Date "2022.03.23"]
[Round "2.1"]
[White "Costa, Leonardo"]
[Black "Schneider, Jana"]
[Result "1/2-1/2"]
[WhiteElo "2324"]
[BlackElo "2266"]
[Annotator "NA"]
[PlyCount "66"]
[EventDate "2022.03.23"]
[EventType "tourn"]
[EventCountry "NET"]
[SourceTitle "playchess.com"]
[Source "ChessBase"]
[SourceQuality "1"]
[TimeControl "40/5400+30:1800+30"]

1. e4 e5 2. Nf3 Nc6 3. Bc4 Bc5 4. d3 Nf6 5. O-O d6 6. c3 a6 7. Bb3 Ba7 8. Nbd2 O-O 9. h3 h6 10. Re1 Be6 11. Nf1 d5 12. exd5 Nxd5 13. Ng3 Re8 14. Bc2 Qe7 (14... Qd6 $11) 15. Bd2 Rad8 (15... Qc5 $5 {[%cal Rc5f2]}) 16. Qe2 $11 Qd7 17. Qf1 Qd6 18. Nh4 Qe7 19. Nhf5 Qf6 20. d4 Bxf5 21. Nxf5 Nde7 22. dxe5 Nxe5 23. Nxe7+ Rxe7 24. Rad1 Red7 25. Bc1 Rxd1 26. Rxd1 Rxd1 27. Bxd1 Nd3 28. Qxd3 Qxf2+ 29. Kh2 Qg1+ 30. Kg3 Qf2+ 31. Kh2 Qg1+ 32. Kg3 Qf2+ 33. Kh2 Qg1+ 1/2-1/2

[Event "Millennium-Meisterturnier 2022"]
[Site "Tornelo"]
[Date "2022.03.23"]
[Round "2.2"]
[White "Hess, Max"]
[Black "Prusikin, Michael"]
[Result "0-1"]
[WhiteElo "2395"]
[BlackElo "2540"]
[Annotator "TA"]
[PlyCount "80"]
[EventDate "2022.03.23"]
[EventType "tourn"]
[EventCountry "NET"]
[SourceTitle "playchess.com"]
[Source "ChessBase"]
[SourceQuality "1"]

{[%evp 14,79,10,0,2,-14,38,0,0,-8,-9,-8,-7,0,-11,0,0,-8,-11,-20,-11,-12,0,0,16,15,14,10,41,47,41,36,40,38,41,16,11,12,14,8,16,0,0,-157,-164,-164,0,0,0,0,0,0,0,-7,-8,-8,0,-34,0,-1170,-1125,-29996,-29992,-29997,-29998,-29998,-29999,-29999]} 1. d4 Nf6 2. Nf3 e6 3. g3 d5 4. Bg2 b5 5. O-O Be7 6. a4 b4 7. c4 bxc3 8. Nxc3 {8.Nxc3 is better than 8.bxc3.} O-O {A46: 1 d4 Nf6 2 Nf3 e6: Torre, London and Colle Systems.} 9. Bf4 Na6 ({Better is} 9... a5 $11) 10. Rc1 (10. Ne5 $5 {[%cal Re5c6]}) 10... c6 {The position is equal.} 11. Ne5 {[#]} Nb4 $146 ({Predecessor:} 11... Bb7 12. e4 Qb6 13. Re1 Rad8 14. exd5 cxd5 15. Bf1 Rc8 16. Bg5 Rc7 17. Nb5 Rxc1 18. Qxc1 {0-1 (64) Berczes,D (2452)-Ajay Krishna,S (2339) Budapest 2021}) 12. Qb3 Nd7 13. Na2 Nxa2 14. Qxa2 Nxe5 15. Bxe5 Qb6 (15... f6 $5 16. Bf4 g5 $11) 16. a5 Qb5 17. Rc2 f6 18. Bf4 g5 19. Bd2 Qxe2 20. Rfc1 {[%cal Od2b4]} Qd3 21. Bf1 $1 Qxd4 22. Be3 Qb4 23. Rxc6 {Rc7 is the strong threat.} Bd6 {To avoid Rc7} 24. Bc5 (24. R6c3 $5 {[%cal Ra5a6]}) 24... Bxc5 25. R1xc5 Bd7 $1 26. Rc7 {Strongly threatening Rxd5.} Rfc8 {[%cal Bf8c8,Bc8c7,Bc7c1][%mdl 32]} 27. Qb1 {[%cal Oc7d7]} Qxc5 28. Rxd7 (28. Rxc5 $11 Rxc5 29. b4) 28... f5 $17 {And now ...Qc6 would win.} 29. Qe1 {[#]} Qc6 (29... Re8 $1 $19 {White must now prevent ...Qc6.} 30. a6 Qd4) 30. Re7 $11 {White threatens Qe5 and mate.} Rc7 (30... Re8 $2 {[#]} 31. Bb5 $1 {[%mdl 512]} Qd6 32. Rxe8+ $18) 31. Rxe6 Qd7 32. Qe5 {Threatens to win with Rd6.} Rf8 33. Bd3 Qf7 34. b4 g4 {[%cal Bg5g4,Bg4h3][%mdl 32]} 35. b5 Rc1+ 36. Kg2 $2 {[%mdl 8192]} (36. Bf1 $11) 36... Qh5 $19 {[%csl Gg4][%cal Rh5h3]} 37. h4 gxh3+ {Black mates.} 38. Kh2 {[#]} Rh1+ $1 {[%mdl 512]} 39. Kxh1 Qf3+ 40. Kg1 Qg2# {Weighted Error Value: White=0.54/Black=0.12 (very precise)} 0-1

[Event "Millennium-Meisterturnier 2022"]
[Site "Tornelo"]
[Date "2022.03.23"]
[Round "2.3"]
[White "Soham Das"]
[Black "Huber, Benedikt"]
[Result "0-1"]
[WhiteElo "2330"]
[BlackElo "2191"]
[Annotator "NA"]
[PlyCount "136"]
[EventDate "2022.03.23"]
[EventType "tourn"]
[EventCountry "NET"]
[SourceTitle "playchess.com"]
[Source "ChessBase"]
[SourceQuality "1"]
[TimeControl "40/5400+30:1800+30"]

1. e4 e5 2. Nf3 Nc6 3. Bc4 Nf6 4. d3 Bc5 5. O-O a6 6. c3 d6 7. Bb3 Ba7 8. Nbd2 O-O 9. h3 h6 10. Re1 Re8 11. Nf1 Be6 12. Bc2 d5 13. exd5 Bxd5 14. Ng3 Qd6 15. Nh4 Ne7 16. Qe2 Nd7 17. d4 Ng6 $11 (17... exd4 $5 {[%cal Rd6g3]} 18. Nhf5 Qe6 $11) 18. Ngf5 Qc6 19. Nxg6 fxg6 20. Ne3 exd4 21. Nxd5 Rxe2 22. Rxe2 Kh7 23. Nf4 Nf8 24. Be4 Qd6 25. Bxb7 Rb8 26. Be4 dxc3 27. bxc3 Re8 28. g3 Qf6 29. Bd2 Kh8 30. Rae1 g5 31. Nd5 Qd6 32. Bg2 Rxe2 33. Rxe2 Qxg3 34. c4 Qd3 35. Re8 Kg8 36. Bb4 Qb1+ 37. Bf1 c5 38. Bc3 Bb8 39. Re7 Qg6 40. Rb7 Bd6 41. Bg2 Ne6 42. Rb6 Nf4 43. Ne7+ Bxe7 44. Rxg6 Nxg6 45. Bb7 Nf4 46. Kf1 Bf6 47. Ba5 Kf7 48. Bxa6 Ke7 49. Bb6 Kd6 50. Bb7 Ne6 51. a4 Bd8 52. Bxd8 Nxd8 53. a5 Nc6 54. a6 Kc7 55. Ke2 Ne5 56. Bd5 Kb6 57. Ke3 Kxa6 58. Ke4 Ng6 59. Bf7 Nf4 60. h4 Nh3 61. h5 Nxf2+ 62. Kf5 Nd3 63. Bd5 Nf4 64. Bf3 Ka5 65. Kg4 Kb4 66. Bd5 Kc3 67. Bf7 Kd3 68. Kf5 Kd4 0-1

[Event "Millennium-Meisterturnier 2022"]
[Site "Tornelo"]
[Date "2022.03.23"]
[Round "2.4"]
[White "Lerch, Johannes"]
[Black "Nestorovic, Nikola"]
[Result "0-1"]
[WhiteElo "2229"]
[BlackElo "2456"]
[Annotator "ChessBase"]
[PlyCount "96"]
[EventDate "2022.03.23"]
[EventType "tourn"]
[EventCountry "NET"]
[SourceTitle "playchess.com"]
[Source "ChessBase"]
[SourceQuality "1"]
[TimeControl "40/5400+30:1800+30"]

1. e4 c5 2. Nf3 Nc6 3. Bb5 g6 4. O-O Bg7 5. Nc3 e5 6. a3 Nge7 7. b4 d6 8. Bc4 O-O 9. d3 h6 10. bxc5 dxc5 11. Rb1 b6 12. Be3 Nd4 13. Nd5 Be6 14. Bxd4 cxd4 15. Nxe7+ Qxe7 16. Bxe6 Qxe6 17. Nd2 Qc6 18. Rb2 Qa4 19. Nc4 b5 20. Rb4 Qa6 21. Nd2 Rab8 22. a4 bxa4 23. Qb1 Rxb4 24. Qxb4 Rc8 25. Nc4 Bf8 26. Qb2 Rxc4 27. dxc4 Qxc4 28. Ra1 a3 29. Qa2 Qe2 30. f3 Qe3+ 31. Kh1 Bb4 32. Rb1 a5 33. Rg1 Qc3 34. Rb1 h5 35. Kg1 h4 36. h3 Qe3+ 37. Kh1 Qe2 38. Qb3 Qd2 39. Ra1 Qe2 40. Qd3 Qf2 41. Rf1 Qg3 42. Rd1 a2 43. Qc4 Bd2 44. Qxa2 Bf4 45. Kg1 Qh2+ 46. Kf1 Qh1+ 47. Ke2 Qxg2+ 48. Kd3 Qxf3+ 0-1

[Event "Millennium-Meisterturnier 2022"]
[Site "Tornelo"]
[Date "2022.03.23"]
[Round "2.5"]
[White "Lohvinov, Petro"]
[Black "Goldbeck, Lars"]
[Result "1-0"]
[WhiteElo "2230"]
[BlackElo "2259"]
[Annotator "NA"]
[PlyCount "53"]
[EventDate "2022.03.23"]
[EventType "tourn"]
[EventCountry "NET"]
[SourceTitle "playchess.com"]
[Source "ChessBase"]
[SourceQuality "1"]
[TimeControl "40/5400+30:1800+30"]

1. e4 c6 2. d4 d5 3. e5 Bf5 4. Nf3 e6 5. Be2 Ne7 6. O-O Ng6 7. Be3 Nd7 8. Ne1 h5 9. c3 c5 10. Nd2 h4 11. a4 Qb6 12. Ra2 a6 $14 13. h3 Ne7 14. dxc5 Qc7 15. b4 Nxe5 16. Ndf3 Nxf3+ 17. Nxf3 e5 18. Rd2 f6 19. Re1 Rd8 20. c4 d4 21. Bxd4 Nc6 22. b5 Nb4 23. Nxe5 fxe5 24. Bxe5 Rxd2 25. Qxd2 Qxc5 26. Bd4 Qe7 27. Bg4 1-0

[Event "Millennium-Meisterturnier 2022"]
[Site "Tornelo"]
[Date "2022.03.23"]
[Round "3.1"]
[White "Goldbeck, Lars"]
[Black "Costa, Leonardo"]
[Result "0-1"]
[WhiteElo "2259"]
[BlackElo "2324"]
[Annotator "NA"]
[PlyCount "86"]
[EventDate "2022.03.23"]
[EventType "tourn"]
[EventCountry "NET"]
[SourceTitle "playchess.com"]
[Source "ChessBase"]
[SourceQuality "1"]
[TimeControl "40/5400+30:1800+30"]

1. Nf3 d5 2. e3 Nf6 3. c4 e6 4. Nc3 Be7 5. b3 O-O 6. Bb2 b6 7. cxd5 exd5 8. d4 Be6 (8... Re8 $11) 9. Be2 c5 10. O-O Nbd7 (10... Nc6 $11) 11. Ne5 Nxe5 12. dxe5 Ne4 13. Nxe4 dxe4 $11 14. Qc2 Qd5 15. f4 f5 16. g4 g6 17. gxf5 gxf5 18. Kh1 h6 19. Rad1 Qc6 20. Bc4 Kh7 21. Bxe6 Qxe6 22. Qc4 Qxc4 23. bxc4 Rad8 24. Rd5 b5 25. Rfd1 bxc4 26. Rd7 Rxd7 27. Rxd7 Re8 28. Rxa7 Kg6 29. Ra6+ Kg7 30. Re6 Rb8 31. Rxe7+ Kf8 32. Rc7 Rxb2 33. Rxc5 Re2 34. Rxc4 Rxe3 35. Rc6 Rf3 36. Rf6+ Ke7 37. Rxf5 e3 38. Kg2 e2 39. Kxf3 e1=Q 40. h3 Qc3+ 41. Kg4 Qc8 42. a4 Qe6 43. a5 Qg6+ 0-1

[Event "Millennium-Meisterturnier 2022"]
[Site "Tornelo"]
[Date "2022.03.23"]
[Round "3.2"]
[White "Nestorovic, Nikola"]
[Black "Lohvinov, Petro"]
[Result "1/2-1/2"]
[WhiteElo "2456"]
[BlackElo "2230"]
[Annotator "ChessBase"]
[PlyCount "78"]
[EventDate "2022.03.23"]
[EventType "tourn"]
[EventCountry "NET"]
[SourceTitle "playchess.com"]
[Source "ChessBase"]
[SourceQuality "1"]
[TimeControl "40/5400+30:1800+30"]

1. d4 Nf6 2. Nf3 g6 3. Nbd2 Bg7 4. e4 d6 5. Bb5+ Bd7 6. Bd3 Nc6 7. c3 e5 8. O-O O-O 9. Re1 Nh5 10. dxe5 dxe5 11. Nc4 Bg4 12. h3 Be6 13. Bg5 Qd7 14. Bf1 Qxd1 15. Rexd1 h6 16. Be3 Rfd8 17. b4 Nf6 18. Nfd2 Nd7 19. a4 Ne7 20. b5 a6 21. Nb3 axb5 22. axb5 b6 23. Ncd2 Nf8 24. Be2 g5 25. c4 Nfg6 26. c5 Nf4 27. Bf1 bxc5 28. Nxc5 Rab8 29. Ra7 Nc8 30. Rxc7 Bf8 31. Na6 Ra8 32. b6 Nxb6 33. Bxb6 Bb3 34. Rcc1 Bxd1 35. Bxd8 Be2 36. Nc4 Bxc4 37. Bxc4 Rxd8 38. g3 Nxh3+ 39. Kg2 g4 1/2-1/2

[Event "Millennium-Meisterturnier 2022"]
[Site "Tornelo"]
[Date "2022.03.23"]
[Round "3.3"]
[White "Huber, Benedikt"]
[Black "Lerch, Johannes"]
[Result "1-0"]
[WhiteElo "2191"]
[BlackElo "2229"]
[Annotator "NA"]
[PlyCount "77"]
[EventDate "2022.03.23"]
[EventType "tourn"]
[EventCountry "NET"]
[SourceTitle "playchess.com"]
[Source "ChessBase"]
[SourceQuality "1"]
[TimeControl "40/5400+30:1800+30"]

1. d4 Nf6 2. c4 e6 3. g3 d5 4. Bg2 dxc4 5. Nf3 a6 6. O-O Nc6 7. Nbd2 Be7 8. Nxc4 O-O 9. b3 Rb8 $16 10. Bb2 Bd7 11. Rc1 Re8 12. Ne1 b5 13. Nd2 Na5 14. Nd3 b4 15. Nc4 Nxc4 16. bxc4 a5 17. e4 Bc8 18. d5 h6 19. Qf3 a4 20. e5 Nh7 21. Rfd1 exd5 22. cxd5 Bf8 23. Nf4 b3 24. a3 Ba6 25. h4 Bxa3 26. Bxa3 b2 27. Bxb2 Rxb2 28. e6 fxe6 29. dxe6 Qb8 30. Rd7 Nf6 31. Nh5 Nxh5 32. Qxh5 Rxf2 33. Kxf2 Qb2+ 34. Kg1 Qxc1+ 35. Kh2 Rf8 36. e7 Rb8 37. e8=Q+ Rxe8 38. Qf7+ Kh8 39. Qxg7# 1-0

[Event "Millennium-Meisterturnier 2022"]
[Site "Tornelo"]
[Date "2022.03.23"]
[Round "3.4"]
[White "Prusikin, Michael"]
[Black "Soham Das"]
[Result "1-0"]
[WhiteElo "2540"]
[BlackElo "2330"]
[Annotator "TA"]
[PlyCount "81"]
[EventDate "2022.03.23"]
[EventType "tourn"]
[EventCountry "NET"]
[SourceTitle "playchess.com"]
[Source "ChessBase"]
[SourceQuality "1"]

{[%evp 18,81,54,35,48,52,45,52,56,41,39,52,47,34,36,38,41,34,43,23,28,18,12,0,0,1,24,9,24,31,29,18,9,9,9,12,44,34,54,46,70,57,64,72,88,70,145,104,141,0,0,6,0,14,178,165,179,154,162,173,147,30,285,289,356,315]} 1. d4 Nf6 2. c4 g6 3. Nc3 Bg7 4. e4 d6 5. Nf3 O-O 6. Be2 Nbd7 7. O-O e5 8. Qc2 exd4 9. Nxd4 Re8 10. Rd1 a6 {E94: King's Indian: Classical: 6 Be2 e5 7 0-0: Various Black 7th moves.} 11. Bg5 Nc5 12. f3 {[#]} Bd7 $146 {White is slightly better.} ({Predecessor:} 12... h6 13. Bh4 g5 14. Bf2 a5 15. Nf5 Bxf5 16. Bxc5 Bd7 17. Bf2 Qe7 18. Rac1 Rac8 {1-0 (38) Horvath,G (2435)-Dancs,Z (2190) Zalakaros 1994}) 13. b4 Ne6 14. Nxe6 Bxe6 15. Rac1 h6 16. Bh4 g5 17. Bf2 {[%cal Oe4e5]} Nd7 18. Bf1 Be5 19. Nd5 c6 {[#]} 20. c5 $1 dxc5 (20... cxd5 21. exd5 Bh3 22. gxh3 $14) (20... a5 21. cxd6) 21. bxc5 Qa5 ({But not} 21... cxd5 22. exd5 Bxd5 23. Rxd5 $14) 22. Ne3 Qc7 23. g3 Bg7 24. Be2 (24. Rb1 {feels hotter.} Rad8 25. Kg2 Ne5 26. Be2 Bc8 27. a4) 24... Rad8 25. Nc4 Bxc4 26. Qxc4 Ne5 27. Qb3 Qe7 28. Kg2 Kh8 29. Rb1 {[%cal Bc1b1,Bb1d1,Bd1d6,Bd6h6,Bh6h5,Bh5g5,Bg5f5][%mdl 32]} Rxd1 30. Rxd1 Rc8 31. Rd6 Rc7 (31... Re8 $14) 32. Bd4 {White is much more active.} (32. Qe3 $142) 32... Rd7 33. Bxe5 (33. Be3 $1 $16) 33... Bxe5 $11 34. Rxh6+ Kg7 35. Rh5 {[%cal Of3f4] aiming for f4!} Rd2 $2 (35... Bf6 $11) 36. Qe3 $1 $18 {[%csl LRd2,LRg5]} Rxa2 37. Rxg5+ Kf8 {[%cal Oa2e2] [#] Threatens to win with ...Rxe2+!} 38. Rf5 $1 Qe6 39. f4 (39. h4 $16) 39... Bg7 $2 {[%mdl 8192] [#]} (39... Bf6 $1 $11 {and Black stays safe.}) 40. Qd3 $1 Rb2 41. Kh3 {Weighted Error Value: White=0.22 (precise) /Black=0.38} ({Don't take} 41. Qd8+ Qe8 42. Qd3 Qe6 $18) 1-0

[Event "Millennium-Meisterturnier 2022"]
[Site "Tornelo"]
[Date "2022.03.23"]
[Round "3.5"]
[White "Schneider, Jana"]
[Black "Hess, Max"]
[Result "1-0"]
[WhiteElo "2266"]
[BlackElo "2395"]
[Annotator "NA"]
[PlyCount "141"]
[EventDate "2022.03.23"]
[EventType "tourn"]
[EventCountry "NET"]
[SourceTitle "playchess.com"]
[Source "ChessBase"]
[SourceQuality "1"]
[TimeControl "40/5400+30:1800+30"]

1. e4 c6 2. d4 d5 3. e5 c5 4. dxc5 e6 5. Nf3 Bxc5 6. Bd3 f6 {6...Ne7 is becoming the main line.} 7. exf6 Nxf6 8. O-O Nc6 9. c4 dxc4 10. Bxc4 Qxd1 11. Rxd1 Ne4 12. Rf1 {[#]} Nd4 $146 ({Predecessor:} 12... O-O 13. Be3 Bxe3 14. fxe3 Rd8 15. Na3 a6 16. Bb3 b5 17. Rac1 Nb4 18. Nc4 Nxa2 {½-½ (49) Mazzonna,R (1613)-Pradeilles,G (1996) ICCF email 2021}) 13. Nbd2 Nxd2 14. Nxd2 b5 15. Bd3 O-O 16. Ne4 Bb6 17. Be3 Bd7 18. Rac1 Rac8 19. Rc3 $11 b4 20. Rxc8 Rxc8 21. Rd1 e5 22. Nd6 Rc6 23. Nc4 Bc7 24. b3 Bg4 25. f3 Bh5 26. Be4 Ra6 27. Bd5+ Kf8 28. Rd2 Bf7 29. Bxd4 exd4 30. Bxf7 Kxf7 31. Rxd4 Ke6 32. Rd2 Bf4 33. Re2+ Kd5 34. g3 Bh6 35. f4 Kd4 36. Kf2 g5 37. Kf3 gxf4 38. gxf4 Rf6 39. Re4+ Kc3 40. Ne3 Rd6 41. Rc4+ Kb2 42. Rxb4 Kxa2 43. Ra4+ Kxb3 44. Rxa7 Rd2 45. Rxh7 Bf8 46. f5 Kb4 47. f6 Kc5 48. Rc7+ Kb5 49. h4 Rd6 50. Rf7 Rd8 51. Kg4 Kc6 52. Kf5 Bh6 53. Ng4 Bc1 54. h5 Kd6 55. Ne5 Rc8 56. Rd7+ Kc5 57. Ke6 Bh6 58. f7 Ra8 59. Rc7+ Kd4 60. Rc4+ Ke3 61. Rc6 Kf4 62. Nd7 Kg5 63. Rc5+ Kh4 64. Rd5 Bg7 65. Rf5 Rh8 66. Nf6 Bh6 67. Ng8 Bf8 68. h6 Kg4 69. Rb5 Ba3 70. Kf6 Kh4 71. Kg7 1-0